00512 2200193 4500001002100000005001500021008004100036020001800077035002500095041000800120082001200128090001200140100002300152245004900175250001600224260002500240300003400265650001900299INLIS00000000000758820130515193004 ind  a979-9392-49-7 a0010-051300000007588 aind a297.216 a297.216 aSamsul munir, amin aKisah-kisah hikmah (mukjizat Rasullulah saw) aCetakan : 1 aJakartabAmzahc2006 axiv, 308 hlm. : ilus. ;19 cm. aMukjizat Rasul